Catalog

Record Details

Catalog Search



Please, Louise / by Frieda Wishinsky ; pictures by ... Read More

Gay, Marie-Louise.(Added Author).

Available copies

  • 2 of 2 copies available at LARL/NWRL Consortium.
  • 1 of 1 copy available at Northwest Regional Library. (Show preferred library)

Current holds

0 current holds with 2 total copies.

Show Only Available Copies
Location Call Number / Copy Notes Barcode Shelving Location Status Due Date
Warroad Public Library e WIS (Text) 35500004088132 Main Available -
Moorhead Public Library E W (Text) 33500009397753 Main Available -

Record details

  • ISBN: 9780888997968
  • ISBN: 0888997965 :
  • Physical Description: [29] p. : col. ill. ; 24 cm.
  • Publisher: Toronto : Groundwood Books, 2007.

Content descriptions

Summary, etc.:
Jake is annoyed that his little sister Louise ... Read More
Subject: Dogs > Fiction.
Sisters > Fiction.
Brothers > Fiction.
Dogs > Juvenile fiction.
Sisters > Juvenile fiction.
Brothers > Juvenile fiction.
LDR 01557cam a22003738a 4500
00183574
003LARL_NWRL_CONSORTIUM
00520070830092351.0
008061013s2007 onc j 000 1 eng
016 . ‡a20069059217
020 . ‡a9780888997968
020 . ‡a0888997965 : ‡c$16.95
035 . ‡a(OCoLC)74028907
040 . ‡aNLC ‡beng ‡cNLC ‡dBAKER ‡dBTCTA ‡dON8
0820 . ‡ajC813/.54 ‡222
1001 . ‡aWishinsky, Frieda. ‡0(LARL_NWRL_CONSORTIUM)84632
24510. ‡aPlease, Louise / ‡cby Frieda Wishinsky ; pictures by Marie-Louise Gay.
260 . ‡aToronto : ‡bGroundwood Books, ‡c2007.
300 . ‡a[29] p. : ‡bcol. ill. ; ‡c24 cm.
520 . ‡aJake is annoyed that his little sister Louise won't leave him alone. He wishes Louise were a dog. Suddenly Louise is gone and a little dog appears to be in her place. Jake is worried that his wish may have come true.
650 1. ‡aDogs ‡vFiction. ‡0(LARL_NWRL_CONSORTIUM)164539
650 1. ‡aSisters ‡vFiction. ‡0(LARL_NWRL_CONSORTIUM)167281
650 1. ‡aBrothers ‡vFiction. ‡0(LARL_NWRL_CONSORTIUM)163686
650 0. ‡aDogs ‡vJuvenile fiction. ‡0(LARL_NWRL_CONSORTIUM)164650
650 0. ‡aSisters ‡vJuvenile fiction. ‡0(LARL_NWRL_CONSORTIUM)167228
650 0. ‡aBrothers ‡vJuvenile fiction. ‡0(LARL_NWRL_CONSORTIUM)170953
7001 . ‡aGay, Marie-Louise. ‡0(LARL_NWRL_CONSORTIUM)86733
901 . ‡a83574 ‡bOCLC ‡c83574 ‡tbiblio

Additional Resources